000 00672nam a2200277Ia 4500
005 20260324125334.0
008 008 260324s9999 xx 000 0 eng d
020 _a9781315422138
037 _aEBOOK
040 _aCRL
040 _beng
040 _cCRL
041 _2eng
041 _aeng
084 _qCRL
100 _aStephen Shennan; Timothy Champion; Clive Gamble; Alasdair Whittle
_91177615
245 0 _aPrehistoric Europe
260 _bTaylor and Francis
260 _c2009
365 _a
365 _b300
856 _uhttp://www.taylorfrancis.com/books/9781315422138
942 _cEBOOK
999 _c1772761
_d1772761